000 01611nam0a22003011 4500
001 v19\rc\1638561
005 20260407023842.0
035 _a(NLR Aleph) 004752309
090 _a4543133
_c4543133
100 _a20061002d1900 |||y0rusy50 ca
101 0 _arus
102 _aRU
105 _ay z |||c|
200 1 _aКраткий очерк деятельности С.-Петербургского городского попечительства о народной трезвости со дня его открытия (15 янв. 1898 г.) по 1 марта 1900 г.
_f[Всемир. выст. в Париже в 1900 г. Рус. отд. 16 группа. Попечительство о нар. трезвости]
210 _aСанкт-Петербург
_d1900
215 _a7 с.
_d25
532 1 2 _aКраткий очерк деятельности Санкт-Петербургского городского попечительства о народной трезвости со дня его открытия 15 янв. 1898 г. по 1 марта 1900 г.
710 0 2 _aПетербургское гор. попечительство о народной трезвости
_3RU\NLR\AUTH\889937890
_9370591
712 1 2 _aВсемирная выставка
_f1900
_eПариж
_bРусский отдел
_3RU\NLR\AUTH\8810009370
_9516467
801 0 _aRU
_bNLR
_gpsbo
801 0 _aRU
_bRuMoRGB
_2psbo
801 1 _aRU
_bProSoft-M
_2rusmarc
852 _aNLR
_j20.62.6.176
899 _aRuMoRGB
_jV 209/231
899 _aRuMoRGB
_jРб 47/768
899 _aНБ МГУ
942 _cBOOK
980 _aNB